BSOP header

Interpreting educational research / (Record no. 48221)

MARC details
000 -LEADER
fixed length control field 00737cam a2200253 i 4500
001 - CONTROL NUMBER
control field 2205187
005 - DATE AND TIME OF LATEST TRANSACTION
control field 20191004095650.0
008 - FIXED-LENGTH DATA ELEMENTS--GENERAL INFORMATION
fixed length control field 750506s1975 iau b 001 0 eng
010 ## - LIBRARY OF CONGRESS CONTROL NUMBER
LC control number 74012591
020 ## - INTERNATIONAL STANDARD BOOK NUMBER
International Standard Book Number 0697061221
040 ## - CATALOGING SOURCE
Original cataloging agency DLC
Transcribing agency DLC
Modifying agency DLC
100 1# - MAIN ENTRY--PERSONAL NAME
Personal name Galfo, Armand J.
Fuller form of name (Armand James),
Dates associated with a name 1924-
245 10 - TITLE STATEMENT
Title Interpreting educational research /
Statement of responsibility, etc Armand J. Galfo.
250 ## - EDITION STATEMENT
Edition statement 3d ed.
260 ## - PUBLICATION, DISTRIBUTION, ETC. (IMPRINT)
Place of publication, distribution, etc Dubuque, Iowa :
Name of publisher, distributor, etc W. C. Brown Co.,
Date of publication, distribution, etc 1975.
300 ## - PHYSICAL DESCRIPTION
Extent ix, 389 p. :
Other physical details graphs ;
Dimensions 24 cm.
336 ## - CONTENT TYPE
Content Type Term text
337 ## - MEDIA TYPE
Media Type Term unmediated
338 ## - CARRIER TYPE
Carrier Type Term volume
504 ## - BIBLIOGRAPHY, ETC. NOTE
Bibliography, etc Includes bibliographies and index.
650 #0 - SUBJECT ADDED ENTRY--TOPICAL TERM
Topical term or geographic name as entry element Education
General subdivision Research.
906 ## - LOCAL DATA ELEMENT F, LDF (RLIN)
a 7
b cbc
c orignew
d 2
e ocip
f 19
g y-gencatlg
942 ## - ADDED ENTRY ELEMENTS (KOHA)
Source of classification or shelving scheme Library of Congress Classification
Item type Books
Holdings
Withdrawn status Lost status Source of classification or shelving scheme Damaged status Not for loan Home library Current library Shelving location Date acquired Source of acquisition Inventory number Total Checkouts Full call number Barcode Date last seen Price effective from Koha item type
    Library of Congress Classification     BSOP Library BSOP Library GC 10/04/2019 Helen Ang 13833   LB1028 G13 00020227 10/04/2019 10/04/2019 Books
BSOP

Biblical Seminary of the Philippines
  All rights Reserved
  © 2024

CONTACT INFORMATION

Biblical Seminary of the Philippines,
  77-B Karuhatan Road, Valenzuela City,
  PHILIPPINES 1441
  Phone: +632 8292-6795 / 8292-6798
  Fax : +632 8292-6675
  Email: library@bsop.edu.ph